[Event "Guelph Winter Pro-Am U2000"]
[Site "Guelph CAN"]
[Date "2014.01.26"]
[Round "5"]
[White "Shah, Omar"]
[Black "Kaneshalingam, Mathanhe"]
[Result "1-0"]
[WhiteElo "1950"]
[BlackElo "1567"]
[PlyCount "53"]
[EventDate "2014.01.24"]
[EventType "swiss"]
[EventRounds "5"]
[EventCountry "CAN"]

1. e4 c5 2. Nf3 Nc6 3. d4 cxd4 4. Nxd4 g6 5. Nc3 Bg7 6. Nb3 Nf6 7. Be3 d6 8. f3
O-O 9. Qd2 Bd7 10. O-O-O Rc8 11. Kb1 a6 12. Bh6 Ne5 13. h4 b5 14. h5 Nxh5 15.
Bxg7 Kxg7 16. Qg5 f6 17. Qh4 Rh8 18. Be2 Be8 19. f4 Nc4 20. g4 Ne3 21. Rdg1 b4
22. gxh5 bxc3 23. hxg6 h6 24. Qh3 Nc4 25. Qe6 Nb6 26. Nd4 Rg8 27. Nf5+ 1-0

[Event "Hart House Holidays op"]
[Site "Toronto CAN"]
[Date "2014.12.19"]
[Round "1"]
[White "Bellissimo, Joseph"]
[Black "Vavrak, Peter"]
[Result "0-1"]
[WhiteElo "2236"]
[BlackElo "2506"]
[PlyCount "108"]
[EventDate "2014.12.19"]
[EventType "swiss"]
[EventRounds "5"]
[EventCountry "CAN"]

1. e4 e6 2. d4 d5 3. e5 c5 4. c3 Qb6 5. Nf3 Bd7 6. a3 a5 7. b3 Nc6 8. Be3 Nh6
9. Bd3 Be7 10. h3 cxd4 11. cxd4 Nf5 12. Bxf5 exf5 13. Nc3 Be6 14. O-O O-O 15.
Na4 Qa6 16. Bg5 Rfc8 17. Bxe7 Nxe7 18. Nc5 Qc6 19. Rc1 b6 20. Nxe6 Qxe6 21. Qd3
Rc6 22. Rfd1 Rac8 23. Qd2 Ng6 24. Ne1 f4 25. f3 f6 26. exf6 Qxf6 27. Rxc6 Rxc6
28. Nc2 Nh4 29. Qd3 Qg5 30. Rd2 Re6 31. Re2 h6 32. Ne1 Re3 33. Rxe3 fxe3 34.
Qb5 Kh7 35. Qd3+ Kh8 36. Qb5 Ng6 37. Kf1 Ne7 38. Qd3 Nf5 39. Nc2 e2+ 40. Kxe2
Qxg2+ 41. Kd1 Qxh3 42. Kc1 Nh4 43. Qb5 Qe6 44. f4 Nf5 45. Qd3 h5 46. Qh3 g6 47.
b4 axb4 48. axb4 Qe4 49. Kb2 Qxf4 50. Qc3 Qd6 51. Qc8+ Kh7 52. Qb7+ Kh6 53. Qc8
h4 54. Qe8 Qf6 0-1

[Event "Hart House Holidays op"]
[Site "Toronto CAN"]
[Date "2014.12.19"]
[Round "1"]
[White "Derraugh, Geordie"]
[Black "Filipovich, David"]
[Result "1-0"]
[WhiteElo "2304"]
[BlackElo "2165"]
[PlyCount "53"]
[EventDate "2014.12.19"]
[EventType "swiss"]
[EventRounds "5"]
[EventCountry "CAN"]

1. e4 c6 2. c4 d5 3. exd5 cxd5 4. cxd5 Nf6 5. Nc3 Nxd5 6. Nf3 Nc6 7. Bb5 Nxc3
8. bxc3 g6 9. O-O Bg7 10. d4 O-O 11. Re1 Qc7 12. Bg5 e6 13. Qd2 a6 14. Bf1 b5
15. Bf4 Qd7 16. Bh6 Bb7 17. Bxg7 Kxg7 18. Qf4 Rac8 19. Re3 Qc7 20. Ne5 h5 21.
Rg3 Ne7 22. Bd3 Nd5 23. Qg5 Qe7 24. Qxh5 Rh8 25. Nxg6 fxg6 26. Rxg6+ Kf7 27.
Rh6+ 1-0

[Event "Hart House Holidays op"]
[Site "Toronto CAN"]
[Date "2014.12.19"]
[Round "1"]
[White "Xu, Haizhou"]
[Black "Sambuev, Bator"]
[Result "0-1"]
[WhiteElo "2302"]
[BlackElo "2659"]
[PlyCount "60"]
[EventDate "2014.12.19"]
[EventType "swiss"]
[EventRounds "5"]
[EventCountry "CAN"]

1. e4 e6 2. d4 d5 3. Nc3 Bb4 4. e5 c5 5. a3 Ba5 6. b4 cxd4 7. Qg4 Ne7 8. bxa5
dxc3 9. Qxg7 Rg8 10. Qxh7 Nbc6 11. Nf3 Qc7 12. Bf4 Bd7 13. a6 O-O-O 14. axb7+
Kb8 15. Qd3 Rg4 16. g3 Ng6 17. h3 Nxf4 18. Qxc3 Nxh3 19. Rxh3 Re4+ 20. Be2 f6
21. exf6 e5 22. Rh7 Qd6 23. Ng5 Rxe2+ 24. Kxe2 Qxf6 25. f4 d4 26. Qc5 exf4 27.
Rf1 d3+ 28. Kd2 dxc2 29. Rxf4 Bf5+ 30. Ke3 Qxg5 0-1

[Event "Hart House Holidays op"]
[Site "Toronto CAN"]
[Date "2014.12.19"]
[Round "1"]
[White "Zhong, Joey"]
[Black "Knox, Christopher"]
[Result "1-0"]
[WhiteElo "2137"]
[BlackElo "2306"]
[PlyCount "59"]
[EventDate "2014.12.19"]
[EventType "swiss"]
[EventRounds "5"]
[EventCountry "CAN"]

1. e4 c5 2. Nf3 g6 3. d4 cxd4 4. Nxd4 Nc6 5. Nc3 Bg7 6. Nb3 Bxc3+ 7. bxc3 Nf6
8. Bd3 Qc7 9. O-O Ne5 10. f4 Nxd3 11. cxd3 Qxc3 12. f5 b6 13. Bh6 Rg8 14. Rc1
Qe5 15. Bf4 Qb5 16. Rc4 a5 17. a4 Qa6 18. Nd4 gxf5 19. Nb5 Qb7 20. Qc2 d5 21.
Rc7 Qa6 22. Rc1 Kd8 23. e5 Nh5 24. Rxe7 Kxe7 25. Qc7+ Bd7 26. Qd6+ Kd8 27. Rc7
Qc8 28. Bg5+ f6 29. Bxf6+ Nxf6 30. Qxf6+ 1-0

[Event "Hart House Holidays op"]
[Site "Toronto CAN"]
[Date "2014.12.20"]
[Round "2"]
[White "Chen, Richard"]
[Black "Peng, David"]
[Result "0-1"]
[WhiteElo "2206"]
[BlackElo "2328"]
[PlyCount "56"]
[EventDate "2014.12.19"]
[EventType "swiss"]
[EventRounds "5"]
[EventCountry "CAN"]

1. e4 c5 2. Nf3 e6 3. d3 Nc6 4. g3 Nge7 5. Bg2 d5 6. Nbd2 g6 7. O-O Bg7 8. Re1
O-O 9. c3 b5 10. e5 Bb7 11. Qe2 b4 12. Nb3 c4 13. Nc5 cxd3 14. Qxd3 Rb8 15. Bf4
Bc8 16. h4 Qb6 17. Nb3 a5 18. Qd2 bxc3 19. bxc3 a4 20. Nbd4 Nxd4 21. Nxd4 Ba6
22. Qc2 Qa5 23. Bg5 Qc7 24. Bxe7 Qxe7 25. Nc6 Qa3 26. Nxb8 Rxb8 27. Rab1 Rc8
28. Rb4 Qxb4 0-1

[Event "Hart House Holidays op"]
[Site "Toronto CAN"]
[Date "2014.12.20"]
[Round "2"]
[White "Sambuev, Bator"]
[Black "Humphreys, Michael"]
[Result "1-0"]
[WhiteElo "2659"]
[BlackElo "2329"]
[PlyCount "57"]
[EventDate "2014.12.19"]
[EventType "swiss"]
[EventRounds "5"]
[EventCountry "CAN"]

1. d4 Nf6 2. Nf3 b6 3. e3 g6 4. Bd3 Bg7 5. e4 O-O 6. e5 Ne8 7. h4 d6 8. h5 dxe5
9. hxg6 hxg6 10. dxe5 Bg4 11. Qe2 Nc6 12. Bf4 Qd5 13. Be4 Qd7 14. Nbd2 Rd8 15.
Qe3 f5 16. Qb3+ e6 17. Bxc6 Qxc6 18. O-O-O Rd5 19. Rde1 Bxf3 20. Nxf3 Kf7 21.
Qa3 Qc5 22. Qxc5 Rxc5 23. Rd1 Rd5 24. c4 Rc5 25. Rd7+ Kg8 26. b3 g5 27. Bxg5 f4
28. Be7 Rf7 29. Ng5 1-0

[Event "Hart House Holidays op"]
[Site "Toronto CAN"]
[Date "2014.12.20"]
[Round "2"]
[White "Vavrak, Peter"]
[Black "Zhong, Joey"]
[Result "1-0"]
[WhiteElo "2506"]
[BlackElo "2137"]
[PlyCount "63"]
[EventDate "2014.12.19"]
[EventType "swiss"]
[EventRounds "5"]
[EventCountry "CAN"]

1. Nf3 Nf6 2. g3 g6 3. Bg2 Bg7 4. c4 O-O 5. Nc3 d6 6. O-O e5 7. d3 h6 8. Rb1 a5
9. e4 Be6 10. h3 Na6 11. Be3 c6 12. Qe2 b5 13. b3 Rb8 14. cxb5 cxb5 15. d4 b4
16. dxe5 dxe5 17. Na4 Bc8 18. Nxe5 Bb7 19. Rbc1 Qe8 20. Nc4 Qb5 21. f3 Nh5 22.
Qf2 Rbd8 23. g4 Nf6 24. Rfd1 Bc6 25. Nd6 Rxd6 26. Rxd6 Nb8 27. Bd4 Ne8 28. Bxg7
Nxd6 29. Bxf8 Kxf8 30. Qc5 Qxc5+ 31. Rxc5 Bxa4 32. bxa4 1-0

[Event "Hart House Holidays op"]
[Site "Toronto CAN"]
[Date "2014.12.20"]
[Round "3"]
[White "Derraugh, Geordie"]
[Black "Sambuev, Bator"]
[Result "0-1"]
[WhiteElo "2304"]
[BlackElo "2659"]
[PlyCount "112"]
[EventDate "2014.12.19"]
[EventType "swiss"]
[EventRounds "5"]
[EventCountry "CAN"]

1. e4 Nf6 2. e5 Nd5 3. d4 d6 4. Nf3 Bg4 5. c4 Nb6 6. h3 Bxf3 7. Qxf3 Nc6 8. Qe4
d5 9. cxd5 Qxd5 10. Qxd5 Nxd5 11. Bb5 Ndb4 12. d5 Nxd5 13. Bxc6+ bxc6 14. Bd2
e6 15. O-O Bc5 16. Nc3 Bd4 17. Rfe1 Bxc3 18. bxc3 O-O-O 19. Bg5 Rd7 20. Re4
Nxc3 21. Rc4 Nd5 22. Rxc6 Kb7 23. Rc2 Rb8 24. a4 Ka6 25. Bd2 Rb3 26. Rac1 Kb7
27. Rc5 Nb6 28. a5 Nd5 29. a6+ Kxa6 30. Ra5+ Kb7 31. Rca1 a6 32. Rxa6 Rb1+ 33.
Rxb1+ Kxa6 34. Kf1 Nb6 35. Ke2 Rd5 36. f4 Rb5 37. Rc1 Nd5 38. Ra1+ Kb7 39. Ra3
c5 40. g4 c4 41. Ra4 c3 42. Be3 Nxe3 43. Kxe3 Rc5 44. Ra1 Kc6 45. Kd3 c2 46.
Rc1 Kd5 47. h4 Rc4 48. Ke3 Rc3+ 49. Kd2 Kd4 50. f5 Rh3 51. Rf1 Rxh4 52. fxe6
fxe6 53. g5 Rg4 54. Rh1 Rxg5 55. Rxh7 Rg2+ 56. Kc1 Kxe5 0-1

[Event "Hart House Holidays op"]
[Site "Toronto CAN"]
[Date "2014.12.20"]
[Round "3"]
[White "Humphreys, Michael"]
[Black "Aronov, Yuri"]
[Result "1-0"]
[WhiteElo "2329"]
[BlackElo "2297"]
[PlyCount "93"]
[EventDate "2014.12.19"]
[EventType "swiss"]
[EventRounds "5"]
[EventCountry "CAN"]

1. Nf3 Nf6 2. c4 g6 3. Nc3 Bg7 4. d4 O-O 5. e4 d6 6. h3 Na6 7. Bg5 h6 8. Be3 e5
9. d5 Nc5 10. Nd2 a5 11. Be2 Bd7 12. g4 c6 13. h4 a4 14. g5 hxg5 15. hxg5 Nh7
16. Rg1 Qa5 17. Qc2 Rfc8 18. O-O-O Nf8 19. Kb1 Be8 20. Nf1 Nfd7 21. Nh2 a3 22.
b3 Na6 23. Ng4 c5 24. Nb5 Qb6 25. Qc3 Nc7 26. Nxc7 Qxc7 27. Bc1 b5 28. Qh3 bxc4
29. Bxc4 Nb6 30. Nf6+ Kf8 31. Qh7 Nxc4 32. Qg8+ Ke7 33. Qxg7 Nb6 34. Ng8+ Kd7
35. Qf8 Qd8 36. f4 Kc7 37. fxe5 dxe5 38. Qxc5+ Kb7 39. Qb4 Qc7 40. Rg2 Qc3 41.
Bxa3 Qf3 42. Rgd2 Bb5 43. Qxb5 Rxa3 44. Ne7 Qxe4+ 45. Kb2 Rca8 46. Qc6+ Ka7 47.
Kxa3 1-0

[Event "Hart House Holidays op"]
[Site "Toronto CAN"]
[Date "2014.12.20"]
[Round "3"]
[White "Peng, David"]
[Black "Vavrak, Peter"]
[Result "0-1"]
[WhiteElo "2328"]
[BlackElo "2506"]
[PlyCount "62"]
[EventDate "2014.12.19"]
[EventType "swiss"]
[EventRounds "5"]
[EventCountry "CAN"]

1. d4 e6 2. Nf3 Nf6 3. e3 b6 4. Bd3 Bb7 5. Nbd2 c5 6. O-O Be7 7. c3 Nc6 8. a3
d5 9. Ne5 Nxe5 10. dxe5 Nd7 11. f4 c4 12. Bc2 Bc5 13. Nf3 Qe7 14. Nd4 O-O-O 15.
a4 f6 16. Qg4 Rde8 17. exf6 gxf6 18. a5 bxa5 19. Rxa5 Bb6 20. Ra2 Rhg8 21. Qh3
e5 22. fxe5 fxe5 23. Nf5 Qe6 24. Bd1 Kb8 25. b4 cxb3 26. Bxb3 Nc5 27. Ba4 d4
28. Ra1 Nxa4 29. Rxa4 Rxg2+ 30. Qxg2 Bxg2 31. Kxg2 Qc6+ 0-1

[Event "Hart House Holidays op"]
[Site "Toronto CAN"]
[Date "2014.12.21"]
[Round "4"]
[White "Lin, Tony (Juntao)"]
[Black "Peng, David"]
[Result "1/2-1/2"]
[WhiteElo "2219"]
[BlackElo "2328"]
[PlyCount "54"]
[EventDate "2014.12.19"]
[EventType "swiss"]
[EventRounds "5"]
[EventCountry "CAN"]

1. d4 Nf6 2. c4 e6 3. Nc3 Bb4 4. e3 O-O 5. Nge2 c6 6. a3 Ba5 7. Qc2 d5 8. Ng3
Nbd7 9. Be2 e5 10. dxe5 Nxe5 11. b4 Bb6 12. c5 Bc7 13. O-O Re8 14. Bb2 h5 15.
h3 h4 16. Nf5 Ne4 17. Bg4 Nxg4 18. hxg4 Bxf5 19. gxf5 Qg5 20. Nxe4 dxe4 21. f6
gxf6 22. f4 exf3 23. Rxf3 Be5 24. Raf1 Re6 25. Bxe5 Qxe5 26. Qf2 Qg5 27. Rxf6
Rxf6 1/2-1/2

[Event "Hart House Holidays op"]
[Site "Toronto CAN"]
[Date "2014.12.21"]
[Round "5"]
[White "Filipovich, David"]
[Black "Bellissimo, Joseph"]
[Result "1-0"]
[WhiteElo "2165"]
[BlackElo "2236"]
[PlyCount "101"]
[EventDate "2014.12.19"]
[EventType "swiss"]
[EventRounds "5"]
[EventCountry "CAN"]

1. Nf3 Nf6 2. g3 e6 3. Bg2 d5 4. O-O c5 5. d4 Nc6 6. c4 Be7 7. cxd5 exd5 8. Nc3
Be6 9. b3 h6 10. Bb2 O-O 11. Rc1 Rc8 12. dxc5 Bxc5 13. Na4 Be7 14. Nc5 Qb6 15.
Nxe6 fxe6 16. Bh3 Kf7 17. Rxc6 Rxc6 18. Ne5+ Kg8 19. Nxc6 Qxc6 20. Qd4 Bc5 21.
Qe5 Re8 22. Rc1 Qd6 23. Qxd6 Bxd6 24. Bd4 a6 25. Bxf6 gxf6 26. Rc8 Kf7 27. Rxe8
Kxe8 28. Bxe6 b6 29. Bxd5 Ke7 30. Kg2 Bc5 31. Kf3 Kd6 32. Bg8 Ke5 33. a4 a5 34.
e3 f5 35. h3 Bb4 36. Bc4 Be1 37. Bd3 Bd2 38. Ke2 Bc1 39. f4+ Kf6 40. g4 fxg4
41. hxg4 Ba3 42. e4 Bc1 43. Kf3 Bd2 44. e5+ Ke6 45. Bc4+ Ke7 46. f5 Bc3 47. Ke4
Bb2 48. f6+ Ke8 49. Kf5 Kf8 50. e6 Ba3 51. e7+ 1-0

[Event "Hart House Holidays op"]
[Site "Toronto CAN"]
[Date "2014.12.21"]
[Round "5"]
[White "Humphreys, Michael"]
[Black "Derraugh, Geordie"]
[Result "1/2-1/2"]
[WhiteElo "2329"]
[BlackElo "2304"]
[PlyCount "119"]
[EventDate "2014.12.19"]
[EventType "swiss"]
[EventRounds "5"]
[EventCountry "CAN"]

1. Nf3 Nf6 2. c4 g6 3. Nc3 d5 4. cxd5 Nxd5 5. e4 Nxc3 6. dxc3 Qxd1+ 7. Kxd1 Bg7
8. Bf4 c6 9. Bc4 Nd7 10. a4 Nc5 11. Ng5 h6 12. Nxf7 Rf8 13. Be3 Nxa4 14. Rxa4
b5 15. Ra1 bxc4 16. Nxh6 Bxh6 17. Bxh6 Rxf2 18. Ke1 Rxg2 19. Rd1 Bg4 20. Rd2
Rxd2 21. Kxd2 Rb8 22. Kc2 Rb5 23. Bf4 e5 24. Bg3 Be2 25. Ra1 Bd3+ 26. Kd2 a5
27. b3 cxb3 28. Kxd3 b2 29. Rb1 a4 30. c4 a3 31. cxb5 a2 32. Kc2 a1=Q 33. bxc6
Qa4+ 34. Kxb2 Qb5+ 35. Ka2 Qa4+ 36. Kb2 Qxc6 37. Re1 Qc4 38. Bf2 Ke7 39. Re3
Qf1 40. Bg3 Qc4 41. Bf2 Ke6 42. Re1 Qd3 43. Kc1 g5 44. Bg3 g4 45. Bf2 Qc3+ 46.
Kb1 Qd2 47. Bg3 Kd6 48. Rc1 Qd3+ 49. Kb2 Qxe4 50. Re1 Qb4+ 51. Kc2 Qa4+ 52. Kd3
Qb3+ 53. Kd2 Kd5 54. Rxe5+ Kd4 55. Ke2 Qd3+ 56. Kf2 Qf3+ 57. Ke1 Kd3 58. Re8
Qf6 59. Re5 Qc6 60. Kf2 1/2-1/2

[Event "Hart House Holidays op"]
[Site "Toronto CAN"]
[Date "2014.12.21"]
[Round "5"]
[White "Lin, Tony (Juntao)"]
[Black "Sapozhnikov, Roman"]
[Result "1-0"]
[WhiteElo "2219"]
[BlackElo "2371"]
[PlyCount "99"]
[EventDate "2014.12.19"]
[EventType "swiss"]
[EventRounds "5"]
[EventCountry "CAN"]

1. d4 Nf6 2. c4 e6 3. Nc3 Bb4 4. e3 c5 5. Nge2 cxd4 6. exd4 O-O 7. a3 Be7 8.
Nf4 d5 9. cxd5 exd5 10. Bd3 Nc6 11. O-O g6 12. Re1 Bd6 13. Bc2 Bg4 14. f3 Qb8
15. g3 Be6 16. Kg2 Qc8 17. Bb3 Ne7 18. Nb5 Bb8 19. Be3 Nf5 20. Nxe6 fxe6 21.
Bf2 Qd7 22. Nc3 a6 23. Na4 Ba7 24. g4 Ne7 25. Qe2 Kf7 26. Rad1 Nc6 27. Nc5 Bxc5
28. dxc5 Rae8 29. Bg3 e5 30. Qd3 Kg7 31. Bxd5 Rd8 32. Be4 Qe6 33. Qe3 Nd4 34.
Rc1 Qa2 35. Qc3 Nxe4 36. Bxe5+ Kg8 37. fxe4 Nf3 38. Re2 Qe6 39. Bg3 Qxg4 40.
Kh1 Nd4 41. Re3 h5 42. Rg1 Nf3 43. Rf1 Ng5 44. Qb3+ Ne6 45. Rg1 Kh7 46. Bd6 Nd4
47. Qxb7+ Rd7 48. Qd5 Nc2 49. Rxg4 Nxe3 50. Qe6 1-0

[Event "Hart House Holidays op U1600"]
[Site "Toronto CAN"]
[Date "2014.12.19"]
[Round "1"]
[White "Thanabalachandran, Luxiga"]
[Black "Kurkowski, Ken"]
[Result "0-1"]
[WhiteElo "1192"]
[BlackElo "1624"]
[PlyCount "94"]
[EventDate "2014.12.19"]
[EventType "swiss"]
[EventRounds "5"]
[EventCountry "CAN"]

1. e4 e6 2. d4 d5 3. Nc3 Nf6 4. e5 Nfd7 5. Nf3 c5 6. Be2 Nc6 7. O-O a6 8. Be3
Be7 9. Re1 O-O 10. h3 b5 11. a3 Bb7 12. Qd2 cxd4 13. Bxd4 Nxd4 14. Qxd4 Bc5 15.
Qg4 Qe7 16. Bd3 f5 17. exf6 Rxf6 18. Nd4 Bxd4 19. Qxd4 Qc5 20. Qxc5 Nxc5 21.
Rad1 Raf8 22. f3 Nxd3 23. Rxd3 Bc6 24. b3 Re8 25. a4 bxa4 26. Nxa4 Bxa4 27.
bxa4 Rc8 28. Rde3 Kf7 29. R1e2 Rc4 30. Ra3 Rff4 31. Rae3 Rc6 32. Ra3 Rfc4 33.
Ra2 Kf6 34. Kf1 a5 35. Ke1 e5 36. Kd1 Kf5 37. Kc1 Kf4 38. Ra3 Rc3 39. Rxc3 Rxc3
40. Rd2 d4 41. Kb2 Ke3 42. Rd1 Ke2 43. Rh1 Kd2 44. Rc1 d3 45. g3 Rxc2+ 46.
Rxc2+ dxc2 47. Kb3 c1=Q 0-1

[Event "Hart House Holidays op U1900"]
[Site "Toronto CAN"]
[Date "2014.12.19"]
[Round "1"]
[White "Nitu, Vladimir"]
[Black "Armstrong, Robert J"]
[Result "0-1"]
[WhiteElo "1745"]
[BlackElo "1618"]
[PlyCount "56"]
[EventDate "2014.12.18"]
[EventType "swiss"]
[EventRounds "5"]
[EventCountry "CAN"]

1. d4 g6 2. c4 Bg7 3. Nc3 Nf6 4. e4 d6 5. f3 Nc6 6. Be3 O-O 7. Qd2 e5 8. d5 Ne7
9. Nge2 Ne8 10. O-O-O f5 11. exf5 gxf5 12. f4 Ng6 13. g3 Nf6 14. h3 Ne4 15.
Nxe4 fxe4 16. Bg2 exf4 17. Nxf4 Nxf4 18. Bxf4 Bf5 19. Rde1 Qe7 20. Re3 Rae8 21.
Rhe1 Qd7 22. h4 Qa4 23. b3 Qa3+ 24. Kb1 a5 25. Bxe4 Rxe4 26. Rxe4 Re8 27. Qc2
Rxe4 28. Bc1 Rxe1 0-1

[Event "Hart House Holidays op U1900"]
[Site "Toronto CAN"]
[Date "2014.12.20"]
[Round "2"]
[White "Armstrong, Robert J"]
[Black "Chen, Max"]
[Result "1-0"]
[WhiteElo "1618"]
[BlackElo "1721"]
[PlyCount "89"]
[EventDate "2014.12.18"]
[EventType "swiss"]
[EventRounds "5"]
[EventCountry "CAN"]

1. g3 d5 2. Bg2 e5 3. c4 Nf6 4. Qb3 c6 5. cxd5 Nxd5 6. Nc3 Nb6 7. d3 Be6 8. Qc2
Na6 9. a3 Bd6 10. Ne4 O-O 11. Nxd6 Qxd6 12. b4 Nc7 13. Bb2 f6 14. Nf3 Nb5 15.
e3 Rfd8 16. Rd1 Qe7 17. O-O Qf7 18. Qb1 Rd6 19. Nd2 Bf5 20. Ne4 Bxe4 21. Bxe4
g6 22. d4 exd4 23. Bxd4 Nxa3 24. Qa1 Nac4 25. Bc5 Rxd1 26. Rxd1 a6 27. Qd4 Na4
28. Bd3 Ne5 29. Be2 Nxc5 30. bxc5 Kg7 31. f4 Qa2 32. fxe5 Qxe2 33. exf6+ Kh6
34. f7 Rd8 35. Qf4+ g5 36. Rd6+ Rxd6 37. f8=Q+ Kh5 38. Qf3+ Qxf3 39. Qxf3+ Kg6
40. cxd6 g4 41. Qf8 b5 42. d7 h5 43. d8=Q h4 44. Qdf6+ Kh5 45. Q8h6# 1-0

[Event "Hart House Holidays op U1900"]
[Site "Toronto CAN"]
[Date "2014.12.20"]
[Round "3"]
[White "Armstrong, Robert J"]
[Black "Maulucci, Anthony"]
[Result "0-1"]
[WhiteElo "1618"]
[BlackElo "1806"]
[PlyCount "86"]
[EventDate "2014.12.18"]
[EventType "swiss"]
[EventRounds "5"]
[EventCountry "CAN"]

1. g3 d5 2. Bg2 e5 3. c4 c6 4. Qb3 Nf6 5. cxd5 cxd5 6. Nc3 d4 7. Qb5+ Nbd7 8.
Nd5 Nxd5 9. Bxd5 Qb6 10. Qc4 Qf6 11. Qb3 Nb6 12. Nf3 Bd6 13. d3 Nxd5 14. Qxd5
O-O 15. Ng5 Bb4+ 16. Kf1 h6 17. Ne4 Bh3+ 18. Kg1 Qc6 19. Qxc6 bxc6 20. Bd2 Be7
21. Rc1 Rab8 22. Rc2 f5 23. Nc5 Bxc5 24. f4 Bb4 25. Kf2 Bxd2 26. Rxd2 c5 27.
Rc1 e4 28. e3 dxe3+ 29. Kxe3 exd3 30. Rxc5 Rfe8+ 31. Re5 Rxe5+ 32. fxe5 Bf1 33.
b3 Rb4 34. Rf2 Re4+ 35. Kd2 Re2+ 36. Rxe2 dxe2 37. b4 Kf7 38. a4 Ke6 39. b5
Kxe5 40. Ke1 Kd5 41. a5 Kc5 42. b6 axb6 43. a6 Kc6 0-1

[Event "Hart House Holidays op U2200"]
[Site "Toronto CAN"]
[Date "2014.12.19"]
[Round "1"]
[White "Tonakanian, Stephan"]
[Black "Supsup, Ferdinand"]
[Result "1/2-1/2"]
[WhiteElo "2093"]
[BlackElo "1966"]
[PlyCount "164"]
[EventDate "2014.12.19"]
[EventType "swiss"]
[EventRounds "5"]
[EventCountry "CAN"]

1. d4 Nf6 2. Nf3 g6 3. c4 Bg7 4. Nc3 d6 5. g3 O-O 6. Bg2 c6 7. O-O Re8 8. e4
Qa5 9. Qd3 Qh5 10. Ne2 e5 11. b3 Bh3 12. Ba3 Bxg2 13. Kxg2 exd4 14. Nf4 Qa5 15.
b4 Qc7 16. Rfe1 c5 17. bxc5 dxc5 18. e5 Nh5 19. Nxh5 gxh5 20. Qf5 Qc6 21. e6
fxe6 22. Qxc5 Qxc5 23. Bxc5 Nc6 24. Rad1 Rad8 25. Ng5 b6 26. Ba3 e5 27. Ne4 Na5
28. Nd6 Rxd6 29. Bxd6 Nxc4 30. Rxd4 exd4 31. Rxe8+ Kf7 32. Re7+ Kf6 33. Rd7 a5
34. Bf4 Kg6 35. Rc7 b5 36. Kf3 d3 37. Rd7 d2 38. Ke2 Bc3 39. Bxd2 Bxd2 40. Rxd2
Nxd2 41. Kxd2 Kf5 42. Kd3 h4 43. Kd4 Kg4 44. f4 hxg3 45. hxg3 h5 46. Kc5 Kxg3
47. f5 h4 48. f6 h3 49. f7 h2 50. f8=Q h1=Q 51. Qd6+ Kf2 52. Qd2+ Kg3 53. Qe3+
Kg4 54. Qd4+ Kg3 55. Qd3+ Kf2 56. Qd2+ Kg3 57. Qxa5 Qh5+ 58. Kb4 Qd5 59. Qc7+
Kf3 60. Qc3+ Ke4 61. a3 Qa8 62. Qc2+ Ke5 63. Qc5+ Ke6 64. Kxb5 Kd7 65. Qf5+ Kd6
66. Qf6+ Kd7 67. Qf7+ Kd6 68. Qf4+ Kd7 69. Qf5+ Kc7 70. Qc5+ Kd7 71. Qd4+ Kc7
72. Qc4+ Kd7 73. Qf7+ Kd6 74. Qf6+ Kd7 75. Qf5+ Kd6 76. Qd3+ Kc7 77. Qc4+ Kd7
78. a4 Qb7+ 79. Ka5 Qa7+ 80. Kb4 Qb6+ 81. Ka3 Qd6+ 82. Kb3 Qe6 1/2-1/2

[Event "Hart House Holidays op U2200"]
[Site "Toronto CAN"]
[Date "2014.12.20"]
[Round "2"]
[White "Supsup, Ferdinand"]
[Black "Profit, Brian"]
[Result "0-1"]
[WhiteElo "1966"]
[BlackElo "2029"]
[PlyCount "98"]
[EventDate "2014.12.19"]
[EventType "swiss"]
[EventRounds "5"]
[EventCountry "CAN"]

1. Nf3 Nf6 2. c4 g6 3. d4 Bg7 4. Bf4 d5 5. e3 c5 6. Nc3 O-O 7. Qb3 dxc4 8. Bxc4
Nc6 9. Nb5 Nh5 10. Be5 a6 11. Bxg7 Nxg7 12. Nc3 cxd4 13. O-O-O e5 14. exd4 exd4
15. Kb1 Bg4 16. Ne2 b5 17. Bd3 Ne6 18. Rc1 Bxf3 19. gxf3 Qd6 20. Be4 Rac8 21.
Rhd1 Rfd8 22. h4 Nc5 23. Qc2 Nb4 24. Qd2 Nxe4 25. fxe4 Qe6 26. Qxb4 Qxe4+ 27.
Ka1 Qxe2 28. h5 Rxc1+ 29. Rxc1 d3 30. hxg6 hxg6 31. Qh4 Re8 32. Qd4 Qe4 33. Qc3
Qe2 34. Qd4 Qe4 35. Qc3 Rd8 36. Re1 d2 37. Rd1 Qe2 38. Qc2 Qxf2 39. a3 Qd4 40.
Qc6 Rd6 41. Qc8+ Kg7 42. Qc2 a5 43. Qb3 b4 44. Qa4 Rd5 45. Qb3 Rc5 46. axb4
Rc1+ 47. Ka2 Rxd1 48. Qxd1 axb4 49. b3 f5 0-1

[Event "Hart House Holidays op U2200"]
[Site "Toronto CAN"]
[Date "2014.12.20"]
[Round "3"]
[White "Nasir, Pi"]
[Black "Supsup, Ferdinand"]
[Result "1/2-1/2"]
[WhiteElo "2027"]
[BlackElo "1966"]
[PlyCount "97"]
[EventDate "2014.12.19"]
[EventType "swiss"]
[EventRounds "5"]
[EventCountry "CAN"]

1. e4 d6 2. d4 Nf6 3. Nc3 g6 4. Be2 Bg7 5. Be3 O-O 6. g4 Na6 7. f3 Nd7 8. Qd2
e5 9. h4 Nb4 10. d5 Nb6 11. a3 Na6 12. Bh6 f5 13. Bxg7 Kxg7 14. h5 f4 15. hxg6
hxg6 16. Bxa6 bxa6 17. Qh2 Rh8 18. Qxh8+ Qxh8 19. Rxh8 Kxh8 20. b3 Kg7 21. Nh3
Bd7 22. Kd2 Rh8 23. Rh1 a5 24. a4 a6 25. Nf2 Rxh1 26. Nxh1 Kf6 27. Ke2 Kg5 28.
Kf2 c5 29. dxc6 Bxc6 30. Kg2 Kf6 31. Nf2 Ke6 32. Nd3 d5 33. exd5+ Nxd5 34. Nc5+
Ke7 35. Nxd5+ Bxd5 36. c4 Ba8 37. Nxa6 Kd6 38. b4 axb4 39. Nxb4 Kc5 40. Na6+
Kxc4 41. Nc7 Bc6 42. a5 Kc5 43. Ne6+ Kb5 44. a6 Kxa6 45. Nc5+ Kb5 46. Nd3 e4
47. Nxf4 exf3+ 48. Kf2 g5 49. Ne6 1/2-1/2

[Event "Hart House Holidays op U2200"]
[Site "Toronto CAN"]
[Date "2014.12.21"]
[Round "4"]
[White "Orlova, Yelizaveta"]
[Black "Supsup, Ferdinand"]
[Result "1-0"]
[WhiteElo "2091"]
[BlackElo "1966"]
[PlyCount "57"]
[EventDate "2014.12.19"]
[EventType "swiss"]
[EventRounds "5"]
[EventCountry "CAN"]

1. Nf3 Nf6 2. g3 g6 3. Bg2 Bg7 4. O-O O-O 5. d4 d6 6. c4 Na6 7. a3 c5 8. e3 Rb8
9. Qe2 Bd7 10. Nc3 Qe8 11. b4 b5 12. Bd2 bxc4 13. Qxc4 Bb5 14. Nxb5 Qxb5 15.
Qxb5 Rxb5 16. a4 Rb6 17. b5 Nb4 18. Rab1 a5 19. dxc5 dxc5 20. Ne5 Rd8 21. Nc4
Rbb8 22. Rfd1 Nfd5 23. Nxa5 Ra8 24. Bxb4 Nxb4 25. Bxa8 Rxa8 26. Nb7 Na2 27.
Rd8+ Rxd8 28. Nxd8 Nc3 29. Nc6 1-0

[Event "Hart House Holidays op U2200"]
[Site "Toronto CAN"]
[Date "2014.12.21"]
[Round "5"]
[White "Supsup, Ferdinand"]
[Black "Deiseach, Donald"]
[Result "1-0"]
[WhiteElo "1966"]
[BlackElo "1939"]
[PlyCount "67"]
[EventDate "2014.12.19"]
[EventType "swiss"]
[EventRounds "5"]
[EventCountry "CAN"]

1. e4 c5 2. Nf3 Nc6 3. d4 cxd4 4. Nxd4 Nf6 5. f3 e6 6. Nc3 a6 7. Be3 Be7 8. Qd2
O-O 9. Bc4 d5 10. Bb3 e5 11. Nxc6 bxc6 12. exd5 cxd5 13. Nxd5 Qd6 14. Nxe7+
Qxe7 15. O-O-O Re8 16. Qa5 Nd7 17. Qc7 Qd8 18. Qc6 Rb8 19. Qd6 Rxb3 20. axb3
Re6 21. Qb4 Qc7 22. Rd2 h6 23. Rhd1 Rc6 24. f4 f6 25. Kb1 f5 26. fxe5 Qxe5 27.
Bf4 Qe4 28. Qxe4 fxe4 29. Rxd7 Bxd7 30. Rxd7 Re6 31. Be3 Kh7 32. Kc1 Kg6 33.
Kd2 Kf6 34. Bd4+ 1-0